| 000 | 00477nam a22001931a 4500 | ||
|---|---|---|---|
| 001 | 973 | ||
| 003 | OSt | ||
| 005 | 20260204211716.0 | ||
| 008 | 040115s1987||||dr ||||||b||||||||||spa|| | ||
| 050 | _aRD 512 M33a | ||
| 082 | _aRD 512 M33a | ||
| 100 | _aMarcelo, Nidia | ||
| 245 | _aAlgebra elemental: 1ro del Bachillerato / Nidia Marcelo | ||
| 264 | _aSanto Domingo : Susaeta | ||
| 300 | _a184 p. | ||
| 500 | _aIncluye bibliografía | ||
| 650 | _a1.AlgebraÌ | ||
| 942 |
_2ddc _cBK |
||
| 999 |
_c973 _d973 |
||